000 00418nam a2200169Ia 4500
003 GCL
008 140319s9999 xx 000 0 eng d
040 _aGCL /
_cGCL
082 0 4 _a759.054
_bG I
100 1 _aGAUNT, WILLIAM
245 1 0 _aTHE IMPRESSIONISTS /
_cGAUNT, WILLIAM
260 _a[S.N] :
_bTHAMES AND HUDSON ،
_c1990
300 _a296 PP
650 0 4 _aARTS
650 0 4 _aIMPRESSIONISM
942 _2ddc
_cBK
999 _c18908
_d18908